Women and law in Kenya : (Record no. 10653)

MARC details
000 -LEADER
fixed length control field 00710cam a22002172 4500
001 - CONTROL NUMBER
control field 0000003273
005 - DATE AND TIME OF LATEST TRANSACTION
control field 20151217154337.0
008 - FIXED-LENGTH DATA ELEMENTS--GENERAL INFORMATION
fixed length control field 070502s xx 000 0 eng d
020 ## - INTERNATIONAL STANDARD BOOK NUMBER
Terms of availability KES 100
040 ## - CATALOGING SOURCE
Original cataloging agency KABU
Transcribing agency KABU
050 #0 - LIBRARY OF CONGRESS CALL NUMBER
Classification number HQ1236.5
Item number .K4W66
245 10 - TITLE STATEMENT
Title Women and law in Kenya :
Remainder of title perspectives and emerging issues /
Statement of responsibility, etc. ed. by Mary Adhiambo Mbeo, and Oki Ooko-Ombaka.
260 ## - PUBLICATION, DISTRIBUTION, ETC. (IMPRINT)
Place of publication, distribution, etc. Nairobi :
Name of publisher, distributor, etc. Public Law Institute,
Date of publication, distribution, etc. 1989.
300 ## - PHYSICAL DESCRIPTION
Extent 130 p.
600 10 - SUBJECT ADDED ENTRY--PERSONAL NAME
Personal name Ooko-Ombaka, Oki.
-- 0000153044
650 #0 - SUBJECT ADDED ENTRY--TOPICAL TERM
Topical term or geographic name as entry element Women
General subdivision Legal Status, Law, etc
Geographic subdivision Kenya.
-- 0000153045
700 1# - ADDED ENTRY--PERSONAL NAME
Personal name Mbeo, Mary Adhiambo.
-- 0000153046
908 ## - PUT COMMAND PARAMETER (RLIN)
Put command parameter 070502
950 ## - LOCAL HOLDINGS (RLIN)
-- 1
Holdings
Withdrawn status Lost status Source of classification or shelving scheme Not for loan Home library Current library Date acquired Total Checkouts Full call number Barcode Date last seen Price effective from Koha item type
    Library of Congress Classification   Kabarak, Main Campus Kabarak, Main Campus 17/12/2015   HQ1236.5 .K4W66 c. 5 15546 17/12/2015 17/12/2015 General Collection
Designed with assistance from East African Informatics Ltd